| 000 | 00586nam a22002057a 4500 | ||
|---|---|---|---|
| 003 | OSt | ||
| 005 | 20171206181756.0 | ||
| 008 | 171206b xxu||||| |||| 00| 0 eng d | ||
| 020 | _a9780071794763 | ||
| 040 | _cDNLM | ||
| 082 | _aWB105 T498j 2011 | ||
| 100 |
_aEditor Judith, E.Tintinall _912279 |
||
| 245 | _aTintinall's Emergency Medicine: a comprehensive study guide | ||
| 250 | _a8th ed. | ||
| 260 | _aNew York; Mcgraw-hill, 2011 | ||
| 300 | _axliii,2128p; col.ill: 28cm | ||
| 504 | _aReferences, & index included | ||
| 650 |
_aEmergency medicine _99685 |
||
| 942 |
_2z _cO_SHELF |
||
| 999 |
_c5906 _d5906 |
||